| 000 -LEADER |
| fixed length control field |
01569cam a2200421 a 4500 |
| 001 - CONTROL NUMBER |
| control field |
1621706 |
| 003 - CONTROL NUMBER IDENTIFIER |
| control field |
OSt |
| 005 - DATE AND TIME OF LATEST TRANSACTION |
| control field |
20230306141601.0 |
| 008 - FIXED-LENGTH DATA ELEMENTS--GENERAL INFORMATION |
| fixed length control field |
190805s2018 nyuab c 000 1 eng d |
| 020 ## - INTERNATIONAL STANDARD BOOK NUMBER |
| International Standard Book Number |
9780545556293 |
| Qualifying information |
(pbk.) : |
| 040 ## - CATALOGING SOURCE |
| Original cataloging agency |
KML |
| Language of cataloging |
eng |
| Transcribing agency |
KML |
| Description conventions |
aacr2 |
| Modifying agency |
KH8 |
| 041 1# - LANGUAGE CODE |
| Language code of text/sound track or separate title |
eng |
| Language code of original |
ita |
| 042 ## - AUTHENTICATION CODE |
| Authentication code |
nbic |
| 082 0# - DEWEY DECIMAL CLASSIFICATION NUMBER |
| Classification number |
853.92 STI |
| 100 1# - MAIN ENTRY--PERSONAL NAME |
| Personal name |
Stilton, Geronimo. |
| Relator term |
author |
| 240 10 - UNIFORM TITLE |
| Uniform title |
Attacco alla statua d'oro! |
| Language of a work |
English. |
| 245 14 - TITLE STATEMENT |
| Title |
The golden statue plot / |
| Statement of responsibility, etc. |
Geronimo Stilton ; [illustrations by Danilo Loizedda [and others] ; translated by Julia Heim] |
| 246 3# - VARYING FORM OF TITLE |
| Title proper/short title |
Geronimo Stilton. |
| Name of part/section of a work |
The golden sttue plot. |
| 260 ## - PUBLICATION, DISTRIBUTION, ETC. |
| Place of publication, distribution, etc. |
New York : |
| Name of publisher, distributor, etc. |
Scholastic, |
| Date of publication, distribution, etc. |
2018. |
| 300 ## - PHYSICAL DESCRIPTION |
| Extent |
106 p. : |
| Other physical details |
col. ill., col. maps ; |
| Dimensions |
20 cm. |
| 490 1# - SERIES STATEMENT |
| Series statement |
Geronimo Stilton ; |
| Volume/sequential designation |
55. |
| 500 ## - GENERAL NOTE |
| General note |
Translation of: Attacco alla statua d'oro! |
| 500 ## - GENERAL NOTE |
| General note |
"Based on an original idea by Elisabetta Dami"--Title page verso. |
| 520 ## - SUMMARY, ETC. |
| Summary, etc. |
The Pirate Cats plan to steal New Mouse City's Statue of Liberty and take it back to Cat Island. They think it is completely made of gold. |
| 521 8# - TARGET AUDIENCE NOTE |
| Target audience note |
Ages 7-10. |
| 546 ## - LANGUAGE NOTE |
| Language note |
Translated from the Italian. |
| 600 10 - SUBJECT ADDED ENTRY--PERSONAL NAME |
| Personal name |
Stilton, Geronimo |
| Form subdivision |
Juvenile fiction. |
| 650 #0 - SUBJECT ADDED ENTRY--TOPICAL TERM |
| Topical term or geographic name entry element |
Mice |
| Form subdivision |
Juvenile fiction. |
| 650 #0 - SUBJECT ADDED ENTRY--TOPICAL TERM |
| Topical term or geographic name entry element |
Animals |
| Form subdivision |
Fiction. |
| 650 #0 - SUBJECT ADDED ENTRY--TOPICAL TERM |
| Topical term or geographic name entry element |
Journalists |
| Form subdivision |
Fiction. |
| 650 #0 - SUBJECT ADDED ENTRY--TOPICAL TERM |
| Topical term or geographic name entry element |
Mountaineering |
| Form subdivision |
Fiction. |
| 650 #0 - SUBJECT ADDED ENTRY--TOPICAL TERM |
| Topical term or geographic name entry element |
Adventure and adventurers |
| Form subdivision |
Fiction. |
| 650 #0 - SUBJECT ADDED ENTRY--TOPICAL TERM |
| Topical term or geographic name entry element |
Humorous stories. |
| 700 1# - ADDED ENTRY--PERSONAL NAME |
| Personal name |
Loizedda, Danilo, |
| Dates associated with a name |
1971- |
| Relator term |
illustrator |
| 700 1# - ADDED ENTRY--PERSONAL NAME |
| Personal name |
Heim, Julia. |
| 830 #0 - SERIES ADDED ENTRY--UNIFORM TITLE |
| Uniform title |
Geronimo Stilton ; |
| Volume/sequential designation |
55. |
| 942 ## - ADDED ENTRY ELEMENTS (KOHA) |
| Source of classification or shelving scheme |
|
| Koha item type |
Books - Non Ficton |